000 00892nas a2200289 4500
001 BR0204234
003 BR-BrBNA
005 20231205103209.0
007 ta
008 230509b bl.|||p| |||| 00| 00por d
040 _aBR-BrBNA
_bpor
_cBiblioteca Nacional de Agricultura
041 _a(Pt)
072 _aH20
100 1 _aRomeiro, R. da S.
100 1 _aBatista, U.G.
100 1 _aBarbosa, J.G.
100 1 _aRodrigues Neto, J.
245 1 _aSituação e perspectivas de controle da morte das pontas da goiabeira (Erwinia psidii)em Minas Gerais - relato de um caso
650 _aGOIABA
650 _aBACTERIOSE
650 _aANTIBIÓTICO
650 _aCONTROLE QUÍMICO
650 _aMINAS GERAIS
773 0 _tRevista Ceres (Brazil)
_xISSN 0034-737X
_g(May-Jun 2002), v. 49(283) p. 329-334
_wBR0204234
909 _a202311
_bLúcia
_c55
_dLúcia Elande
942 _2AGRIS
_n0
_cANA
999 _c171607
_d171607